000
00271nam a22001337a 4500
003
SGT
020
_a
9788189975814
082
_a
820
_b
T08S
100
_a
SANGHI, ASHWIN
245
_a
THE ROZABAL LINE
260
_b
WESTLAND LTD.
_c
2008
300
_a
362
942
_2
ddc
_c
BK
999
_c
29081
_d
29081